Statistics for gabe logos a to z

Click here to take the quiz!

General Stats

  • This quiz has been taken 213 times
  • The average score is 16 of 25

Answer Stats

Answer% Correct
amazon
98%
firefox
94%
google
94%
instagram
94%
yahoo
92%
jetpunk
84%
converse
82%
bp
80%
louis vuitton
80%
marvel
80%
pampers
78%
tide
78%
harley davidson
76%
kelloggs
73%
excel
69%
dolby
63%
new york times
59%
seat
59%
xerox
53%
qantas
49%
ryanair
31%
opel
29%
vegas golden knights
20%
under armour
14%
washington capitals
8%

Score Distribution

Percentile by Number Answered

Percent of People with Each Score

Your Score History

You have not taken this quiz